000 00855cam a22002894a 4500
001 38323
003 (BD-RjUL)
005 20211209052755.0
008 020627t20022003nyua 001 0 eng
020 _a9788126512652
035 _a(BD-RjUL)
040 _aDLC
_c(BD-RjUL)
_dDLC
082 0 0 _a621.3822
_221
_bHAS 2008
100 1 _aHaykin, Simon.
_9117149
245 1 0 _aSignals and systems /
_cSimon Haykin, Barry Van Veen.
250 _a2nd ed.
260 _aIndia :
_bWiley,
_cc2004 [reprint 2008].
300 _axvii, 802 p.
_bill. ;
_c25cm.
500 _aIncludes index.
650 0 _aSignal processing.
_9118444
650 0 _aSystem analysis.
_9117431
650 0 _aLinear time invariant systems.
_9118445
650 0 _aTelecommunication systems.
_9118446
700 1 _aVan Veen, Barry.
_9118447
942 _2ddc
_cBK
999 _c38323
_d38323